Gemeinden von Liechtenstein - Statistiken

Allgemein
  • Dieses Quiz wurde 29 mal gespielt
  • Das Durchschnittsergebnis liegt bei 6 aus 11
Antwortstatistiken
Antwort % Korrekt
Vaduz
100%
Schaan
75%
Balzers
68%
Triesen
64%
Eschen
57%
Triesenberg
57%
Mauren
50%
Ruggell
46%
Gamprin
43%
Planken
43%
Schellenberg
43%
Keine übereinstimmenden Quizze gefunden
Verteilung der Resultate
Anzahl Personen mit jedem Resultat
Perzentil nach korrekt beantworteten Fragen
Ihre Resultats-Entwicklung
Sie haben dieses Quiz noch nicht gespielt